MESTSKÁ KNIŽNICA GIRALTOVCE  - online katalóg 

Šlabikár začínajúceho speváčika (Record no. 15246)

000 -NÁVESTIE
fixed length control field 00910nam a2200265 a 4500
008 - ÚDAJE S PEVNOU DĹŽKOU – VŠEOBECNÉ INFORMÁCIE
fixed length control field 960514s1988||||[C 0 slo c
020 ## - MEDZINÁRODNÉ ŠTANDARDNÉ ČÍSLO KNIHY (ISBN)
Údaje o dostupnosti 52 Kčs
Qualifying information (3 000 výtl.)
040 ## - ZDROJ KATALOGIZÁCIE
Pôvodná katalogizujúca agentúra SNK
Jazyk katalogizácie slo
Prepisujúca agentúra SNK
Konvencie popisu AACR2
041 1# - KÓD JAZYKA
Kód jazyka textu/zvukovej stopy alebo samostatných nápisov slo
044 ## - KÓD KRAJINY VYDAVATEĽA/PRODUCENTA
Kód krajiny MARC xo
Kód krajiny ISO SK
080 ## - ČÍSLO MEDZINÁRODNÉHO DESATINNÉHO TRIEDENIA (MDT)
Číslo Medzinárodného desatinného triedenia (MDT) 784.67.087.5.087.61
100 1# - OSOBNÉ MENÁ – VŠEOBECNÉ INFORMÁCIE
Osobné meno Chládková, Blanka
Kód roly aut
245 10 - NÁZOV
Názov Šlabikár začínajúceho speváčika
Médium Hudobnina
Zvyšok názvu Diel 1.-3
Údaj o zodpovednosti atď. Blanka Chládková ; Prekl. Ľudmila Sýkorová ; Ilustr. Eva Vogelová ; Aut. hud. Pavel Blatný, Jitka Snížková, Dalibor Špilka
250 ## - ÚDAJ O PORADÍ VYDANIA
Údaj o poradí vydania 1. vyd.
260 ## - VYDAVATEĽSKÉ ÚDAJE, DISTRIBÚCIA ATĎ.
Miesto publikovania, distribúcie atď. Bratislava
Názov vydavateľa, distibútora atď. Opus
Dátum publikovania, distribúcie atď. 1988
Miesto výroby Skalica
Výrobca Grafobal
300 ## - FYZICKÝ POPIS
Rozsah [222 s.]
Ďalšie fyzické detaily Obr.
Rozmery 23x30 cm
500 ## - VŠEOBECNÁ POZNÁMKA
Formátovaná poznámka o obsahu Tri diely v prebale
700 1# - PRIDANÝ VSTUP – OSOBNÉ MENO
Osobné meno Sýkorová, Ľudmila
Kód roly trl
700 1# - PRIDANÝ VSTUP – OSOBNÉ MENO
Osobné meno Vogelová, Eva
Kód roly ill
700 1# - PRIDANÝ VSTUP – OSOBNÉ MENO
Osobné meno Blatný, Pavel
Kód roly cmp
700 1# - PRIDANÝ VSTUP – OSOBNÉ MENO
Osobné meno Snížková, Jitka
Kód roly cmp
700 1# - PRIDANÝ VSTUP – OSOBNÉ MENO
Osobné meno Špilka, Dalibor
Kód roly cmp
924 ## -
-- spev
958 ## - Formálny deskriptor
Formálny deskriptor HHU
Holdings
Stav stiahnutia (Blokovanie) (Withrawn status) Stav straty Stav poškodenia (Damaged status) Nie pre výpožičky (Not for loan) Spôsob nadobudnutia (Collection code) Trvalé umiestnenie Aktuálne umiestnenie Dátum nadobudnutia Náklady, bežná kúpna cena Inventárne číslo (prírastkové číslo) Full call number Dátum posledného výskytu Cena s účinnosťou od Typ jednotky Koha
        Kúpa Mestská knižnica Giraltovce Mestská knižnica Giraltovce 2019-11-29 52.00 14281 I 0337 2019-11-29 2019-11-29 Odborná literatúra pre dospelých

Powered by Koha